000 00963nam a2200289 a 4500
001 000026329
003 DO-SdBNP
005 20180409143042.0
007 000026329
008 110314s20uu dr a 001 0 spa d
040 _aBPMET
_bspa
_cBPMET
092 _a648.7
_bA385p
100 1 _aAleth, Kirsten
245 1 0 _aPlagas domésticas :
_bcuaderno de ecología doméstica no. 2 /
_cKirsten Aleth
260 _aSanto Domingo :
_bCentro Dominicano de Educación Ecológica
_c[200?]
300 _a28 p. :
_bil. ;
_c29 cm.
650 4 _aPLAGAS CASERAS
650 4 _aINSECTOS ÚTILES Y PERJUDICIALES
650 4 _aCONTROL INTEGRADO DE PLAGAS
650 4 _aCONTROL BIOLÓGICO DE PLAGAS
910 _aValidado. Control de calidad EMS.
942 _2ddc
_cBK
945 _aRemanejado para la BNPHU, 2018 / BT
956 _aNMORDAN
_b10
_c20110330
_lBND01
_h0837
956 _aEMARRERO
_b40
_c20131222
_lBND01
_h1333
956 _aVMATEO
_b10
_c20150512
_lBMET02
_h00151
999 _c7865
_d7865